Songs from the First Line(s) - 1970s - Statistics

General Stats
  • This quiz has been taken 320 times
  • The average score is 19 of 40
Answer Stats
Hint Answer % Correct
1975 Is this the real life? Is this just fantasy? / Caught in a landslide, no escape from reality Artist(s) Queen
89%
1975 Is this the real life? Is this just fantasy? / Caught in a landslide, no escape from reality Song Bohemian Rhapsody
88%
1971 Almost Heaven, West Virginia / Blue Ridge Mountains, Shenandoah River / Life is old there, older than the trees Song Take Me Home, Country Roads
85%
1972 A long, long time ago / I can still remember how that music / Used to make me smile Song American Pie
81%
1978 Young man, there's no need to feel down, I said / Young man, pick yourself off the ground, I said Song Y.M.C.A.
77%
1977 On a dark desert highway / Cool wind in my hair / Warm smell of colitas / Rising up through the air Song Hotel California
76%
1977 On a dark desert highway / Cool wind in my hair / Warm smell of colitas / Rising up through the air Artist(s) Eagles
75%
1971 Almost Heaven, West Virginia / Blue Ridge Mountains, Shenandoah River / Life is old there, older than the trees Artist(s) John Denver
72%
1978 Young man, there's no need to feel down, I said / Young man, pick yourself off the ground, I said Artist(s) Village People
70%
1972 A long, long time ago / I can still remember how that music / Used to make me smile Artist(s) Don McLean
69%
1978 I got chills, they're multiplying / And I'm losing control / 'Cause the power you're supplying / It's electrifying Artist(s) John Travolta / Olivia Newton-John
63%
1978 I got chills, they're multiplying / And I'm losing control / 'Cause the power you're supplying / It's electrifying Song You're the One That I Want
63%
1976 Friday night and the lights are low / Looking out for a place to go / Where they play the right music, getting in the swing Artist(s) ABBA
60%
1976 Friday night and the lights are low / Looking out for a place to go / Where they play the right music, getting in the swing Song Dancing Queen
58%
1977 What have I gotta do to make you love me? / What have I gotta do to make you care? / What do I do when lightning strikes me Artist(s) Elton John
58%
1970 Why do birds suddenly appear / Every time you are near? / Just like me, they long to be Song (They Long to Be) Close to You
58%
1974 Ooga-Chaka, Ooga-Ooga / Ooga-Chaka, Ooga-Ooga / I can't stop this feelin' / Deep inside of me / Girl, you just don't realize Song Hooked on a Feeling
56%
1970 Why do birds suddenly appear / Every time you are near? / Just like me, they long to be Artist(s) The Carpenters
54%
1970 When you're weary / Feeling small / When tears are in your eyes / I will dry them all / I'm on your side Song Bridge Over Troubled Water
48%
1970 When you're weary / Feeling small / When tears are in your eyes / I will dry them all / I'm on your side Artist(s) Simon & Garfunkel
47%
1971 Jeremiah was a bullfrog / Was a good friend of mine / I never understood a single word he said / But I helped him a-drink his wine Song Joy to the World
43%
1979 On a warm summer's evenin' on a train bound for nowhere / I met up with a gambler, we were both too tired to sleep Song The Gambler
42%
1979 On a warm summer's evenin' on a train bound for nowhere / I met up with a gambler, we were both too tired to sleep Artist(s) Kenny Rogers
41%
1973 Well the South side of Chicago / Is the baddest part of town / And if you go down there / You better just beware Song Bad, Bad Leroy Brown
40%
1972 Sometimes in our lives, we all have pain / We all have sorrow / But if we are wise / We know that there's always tomorrow Song Lean on Me
38%
1975 My child arrived just the other day / He came to the world in the usual way / But there were planes to catch and bills to pay Song Cat's in the Cradle
36%
1971 Jeremiah was a bullfrog / Was a good friend of mine / I never understood a single word he said / But I helped him a-drink his wine Artist(s) Three Dog Night
35%
1973 Well the South side of Chicago / Is the baddest part of town / And if you go down there / You better just beware Artist(s) Jim Croce
34%
1974 Ooga-Chaka, Ooga-Ooga / Ooga-Chaka, Ooga-Ooga / I can't stop this feelin' / Deep inside of me / Girl, you just don't realize Artist(s) Blue Swede
32%
1974 Hmm hmm / Memories / Light the corners of my mind / Misty water-colored memories Artist(s) Barbra Streisand
31%
1972 Sometimes in our lives, we all have pain / We all have sorrow / But if we are wise / We know that there's always tomorrow Artist(s) Bill Withers
29%
1974 Hmm hmm / Memories / Light the corners of my mind / Misty water-colored memories Song The Way We Were
29%
1976 My baby moves at midnight / Goes right on 'til the dawn / My woman, take me higher / My woman, keep me warm Artist(s) Bee Gees
27%
1977 What have I gotta do to make you love me? / What have I gotta do to make you care? / What do I do when lightning strikes me Song Sorry Seems to Be the Hardest Word
26%
1975 My child arrived just the other day / He came to the world in the usual way / But there were planes to catch and bills to pay Artist(s) Harry Chapin
25%
1973 I've been really trying, baby / Trying to hold back this feeling for so long / And if you feel like I feel, baby Artist(s) Marvin Gaye
24%
1973 I've been really trying, baby / Trying to hold back this feeling for so long / And if you feel like I feel, baby Song Let's Get It On
22%
1976 My baby moves at midnight / Goes right on 'til the dawn / My woman, take me higher / My woman, keep me warm Song You Should Be Dancing
19%
1979 Lovely is the feelin' now / Fever, temperatures risin' now / Power (Oh, power) is the force, the vow Artist(s) Michael Jackson
16%
1979 Lovely is the feelin' now / Fever, temperatures risin' now / Power (Oh, power) is the force, the vow Song Don't Stop 'til You Get Enough
6%
No matching quizzes found
Score Distribution
Percent of People with Each Score
Percentile by Number Answered
Your Score History
You have not taken this quiz